LEADER 01172nam a2200289 a 4500 001 000000149278 003 CaOOAMICUS 005 20160210110936.0 008 160210s2014 nju u000 u eng r 020 $a9780691161426* 032 $aLibriCat 040 $aPUL$bita 082 04$a155.2 100 1 $aBlackburn, Simon.$0(OLS)http://pul/name/95202 245 10$aMirror, mirror :$bthe uses and abuses of self-love /$cSimon Blackburn. 260 $aPrinceton and Oxford :$bPrinceton University Press,$cİ2014. 300 $axi, 209 p. ;$c22 cm. 504 $aBibliografia nelle note. 650 14$aNarcisismo.$0(OLS)http://pul/subject/19200 850 $aPUL 852 $aPUL$W1$xSL Filosofia 3$y81$m155. 2 BLASI 1$j171930$qDDC 21$B173521$CPULBib$Z2$F173521 $H127017 $81 941 1 $a9 996 $6020$a9780691161426*$9(OLS)http://pul/number/159612 996 $6082$a155.2$9(OLS)http://pul/classification/2698 996 $6245$aMirror, mirror :$bthe uses and abuses of self-love$9(OLS)http://pul/title/188209 996 $6260$aPrinceton and Oxford :$bPrinceton University Press$9(OLS)http://pul/publisher/80333 LEADER 01436nam a2200325 a 4500 001 000000173921 003 CaOOAMICUS 005 20201105165245.0 008 201105s2005 nyu u000 u eng r 020 $a978-0-521-53475-8* 032 $aLibriCat 040 $aPUL$bita$d 082 04$a327 100 1 $aWilliams, Michael C.$0(OLS)http://pul/name/111752 245 04$aThe realist tradition and the limits of international relations / $cMichael C. Williams. 260 $aNew York :$bCambridge University Press,$cİ2005. 300 $aIX, 236 p. :$b$c23 cm 490 1 $aCambridge studies in international relations ;$v100 500 $aInclude indice. 504 $aBibliografia: p. 211-225. 650 4$aRelazioni internazionali e filosofia.$0(OLS)http://pul/subject/36957 830 0$aCambridge studies in international relations ;$v100.$0(OLS)http://pul/title/215141 850 $aPUL 852 $aPUL$W1$xSL Diritto e Scienze Sociali 3$y79$m327. 1 WILMI 1$j198057$qDDC 21$B202739$CPULBib$Z2$F202739 $H134501 $82 941 1 $a9 996 $6020$a978-0-521-53475-8*$9(OLS)http://pul/number/167806 996 $6082$a327$9(OLS)http://pul/classification/379 996 $6245$aThe realist tradition and the limits of international relations / $9(OLS)http://pul/title/215142 996 $6260$aNew York :$bCambridge University Press$9(OLS)http://pul/publisher/74871